Banking Law and Practice / (Record no. 97)

MARC details
000 -LEADER
fixed length control field 00520nam a22001697a 4500
005 - DATE AND TIME OF INPUT
control field 20231026141746.0
008 - DATA ELEMENTS--GENERAL INFORMATION
fixed length control field 231026b |||||||| |||| 00| 0 eng d
020 ## - INTERNATIONAL STANDARD BOOK NUMBER
International Standard Book Number 9780409033700
041 ## - LANGUAGE CODE
Language code of text English
082 ## - SHELF NUMBER
DDC number 346.7 MOO
100 ## - MAIN AUTHOR
Main author's name Moorcroft, J and Vessio, ML
Language of a work English
245 ## - TITLE STATEMENT
Title Banking Law and Practice /
Statement of responsibility, etc. J Moorcroft and ML Vessio
260 ## - PUBLICATION, DISTRIBUTION, ETC.
Place of publication, distribution, etc. Durban :
Name of publisher, distributor, etc. LexisNexis,
Date of publication, distribution, etc. 2009
300 ## - PHYSICAL DESCRIPTION
Other physical details xvi ; 40-23 pages ;
Dimensions 26 cm.
650 ## - SUBJECT`
Broad subject Legal practice
Own subject terms Law
942 ## - ADDED ENTRY ELEMENTS (KOHA)
Item type Books
942 ## - ADDED ENTRY ELEMENTS (KOHA)
-- ALISON_BN_VRIES
Holdings
Source of classification or shelving scheme Not for loan Collection code Home library Current library Shelving location Date acquired Full call number Barcode Price effective from Koha item type Volume number (bound volume or other part)
Dewey Decimal Classification   TEXT BOOKS LAW SOCIETY OF NAMIBIA LIBRARY - WINDHOEK LAW SOCIETY OF NAMIBIA LIBRARY - WINDHOEK INSOLVENCY AND INSURANCE 10/26/2023 346.7 MOO LSN/2010/12 10/26/2023 Books  
Dewey Decimal Classification   TEXT BOOKS LAW SOCIETY OF NAMIBIA LIBRARY - WINDHOEK LAW SOCIETY OF NAMIBIA LIBRARY - WINDHOEK INSOLVENCY AND INSURANCE 10/26/2023 346.7 MOO LSN/2014/1 10/26/2023 Books Star Binder
Dewey Decimal Classification   TEXT BOOKS LAW SOCIETY OF NAMIBIA LIBRARY - WINDHOEK LAW SOCIETY OF NAMIBIA LIBRARY - WINDHOEK INSOLVENCY AND INSURANCE 10/26/2023 346.7 MOO LSN/2018/13 10/26/2023 Books Two Star Binder